Edexcel igcse physics / (Record no. 6442)
[ view plain ]
| 000 -LEADER | |
|---|---|
| fixed length control field | 00737nam a22002777a 4500 |
| 003 - CONTROL NUMBER IDENTIFIER | |
| control field | OSt |
| 005 - DATE AND TIME OF LATEST TRANSACTION | |
| control field | 20140310181909.0 |
| 008 - FIXED-LENGTH DATA ELEMENTS--GENERAL INFORMATION | |
| fixed length control field | 130319t xxu||||| |||| 00| 0 eng d |
| 020 ## - INTERNATIONAL STANDARD BOOK NUMBER | |
| International Standard Book Number | 9780435966904 |
| 050 ## - LIBRARY OF CONGRESS CALL NUMBER | |
| Classification number | QC 32 |
| Item number | .Ar752 2009 |
| 082 ## - DEWEY DECIMAL CLASSIFICATION NUMBER | |
| Classification number | QC 32 |
| Item number | A76 2009 |
| 100 ## - MAIN ENTRY--PERSONAL NAME | |
| Personal name | Arnold, Brian |
| 9 (RLIN) | 1523 |
| 245 ## - TITLE STATEMENT | |
| Title | Edexcel igcse physics / |
| Statement of responsibility, etc | Brian Arnold , Steve Woolley and Penny Johnson |
| 260 ## - PUBLICATION, DISTRIBUTION, ETC. (IMPRINT) | |
| Place of publication, distribution, etc | Edinburgh : |
| Name of publisher, distributor, etc | Pearson Education Ltd., |
| Date of publication, distribution, etc | c2009. |
| 300 ## - PHYSICAL DESCRIPTION | |
| Extent | 253p. : |
| Other physical details | col. ill. ; |
| Dimensions | 27 cm. |
| 521 ## - TARGET AUDIENCE NOTE | |
| Target audience note | |
| 541 ## - IMMEDIATE SOURCE OF ACQUISITION NOTE | |
| -- | 1 |
| 541 ## - IMMEDIATE SOURCE OF ACQUISITION NOTE | |
| -- | 2 |
| 541 ## - IMMEDIATE SOURCE OF ACQUISITION NOTE | |
| -- | 3 |
| 541 ## - IMMEDIATE SOURCE OF ACQUISITION NOTE | |
| -- | 4 |
| 541 ## - IMMEDIATE SOURCE OF ACQUISITION NOTE | |
| -- | 5 |
| 541 ## - IMMEDIATE SOURCE OF ACQUISITION NOTE | |
| -- | 6 |
| 562 ## - COPY AND VERSION IDENTIFICATION NOTE | |
| Number of copies | 6 |
| 650 ## - SUBJECT ADDED ENTRY--TOPICAL TERM | |
| Topical term or geographic name as entry element | Physics |
| 9 (RLIN) | 126 |
| 942 ## - ADDED ENTRY ELEMENTS (KOHA) | |
| Source of classification or shelving scheme | Library of Congress Classification |
| Koha item type | |
| Call number prefix | |
| Withdrawn status | Lost status | Source of classification or shelving scheme | Damaged status | Home library | Current library | Shelving location | Date acquired | Total Checkouts | Total Renewals | Full call number | Barcode | Date last seen | Date checked out | Copy number | Price effective from | Koha item type | Source of acquisition | Public note |
|---|---|---|---|---|---|---|---|---|---|---|---|---|---|---|---|---|---|---|
| Library of Congress Classification | Luxembourg Library | Luxembourg Library | Teachers Reference Section | 07/11/2013 | 1 | 4 | QC 32 .Ar752 2009 | 19036 | 04/07/2015 | 06/11/2014 | 1 | 07/11/2013 | Books | |||||
| Library of Congress Classification | Luxembourg Library | Luxembourg Library | Teachers Reference Section | 07/17/2013 | QC 32 .Ar752 2009 | 19185 | 08/13/2013 | 2 | 07/17/2013 | Books | ||||||||
| Library of Congress Classification | Luxembourg Library | Luxembourg Library | Teachers Reference Section | 07/17/2013 | 2 | 8 | QC 32 .Ar752 2009 | 19184 | 07/20/2022 | 11/19/2020 | 3 | 10/03/2013 | Books | |||||
| Withdrawn | Library of Congress Classification | Luxembourg Library | Luxembourg Library | Teachers Reference Section | 07/17/2013 | QC 32 .Ar752 2009 | 19037 | 08/13/2013 | 4 | 07/17/2013 | Books | Donation | lost and paid by Kim Dong Hyun | |||||
| Library of Congress Classification | Luxembourg Library | Luxembourg Library | Teachers Reference Section | 07/17/2013 | QC 32 .Ar752 2009 | 19181 | 08/13/2013 | 5 | 07/17/2013 | Books | ||||||||
| Library of Congress Classification | Luxembourg Library | Luxembourg Library | Teachers Reference Section | 07/18/2013 | QC 32 .Ar752 2009 | 19038 | 11/27/2014 | 6 | 07/18/2013 | Books |